Modern China.

Bibliographic Details
Main Author: Feuerwerker, Albert
Format: Book
Language:English
Published: Englewood Cliffs, N.J. : Prentice-Hall, [1964]
Series:Asian civilization.
Subjects:

MARC

Tag First Indicator Second Indicator Subfields
LEADER 00000cam a22000001 4500
001 in00000063072
005 20151008051137.0
008 720420s1964 nju b 00000 eng
010 |a  64021957  
035 |a (OCoLC)00412318 
035 |9 AAG6013AM 
040 |a DLC  |c DLC  |d TXA  |d UtOrBLW 
043 |a a-cc--- 
049 |a TXAM  |c [465479] 
050 0 0 |a DS706  |b .F4 
082 0 |a 309.151 
092 |a 309.151  |b F423m 
100 1 |a Feuerwerker, Albert. 
245 1 0 |a Modern China. 
264 1 |a Englewood Cliffs, N.J. :  |b Prentice-Hall,  |c [1964] 
300 |a vi, 186 pages ;  |c 21 cm. 
336 |a text  |b txt  |2 rdacontent 
337 |a unmediated  |b n  |2 rdamedia 
338 |a volume  |b nc  |2 rdacarrier 
490 1 |a Asian civilization 
490 0 |a A Spectrum book 
504 |a Bibliography: pages 185-186. 
651 0 |a China. 
830 0 |a Asian civilization. 
999 |a MARS 
999 f f |s 9a3f7cf4-5e08-3448-b524-b3842fd0b1b9  |i dc6a0710-bf59-3485-985b-b82fabba684b  |t 0 
952 f f |p ric  |a Texas A&M University  |b Rellis Campus  |c Joint Library Facility  |d Remote Storage  |t 0  |e DS706 .F4  |h Library of Congress classification  |i unmediated -- volume  |m A14800649021 
998 f f |a DS706 .F4  |t 0  |l Remote Storage